| 000 | 02459cam a2200385 a 4500 | ||
|---|---|---|---|
| 001 | 15545596 | ||
| 005 | 20100203181248.0 | ||
| 008 | 081205s2009 enk |rb 001 0 eng | ||
| 010 | _a 2008943096 | ||
| 015 |
_aGBA8D9483 _2bnb |
||
| 016 | 7 |
_a014853004 _2Uk |
|
| 020 | _a9781847209153 (hbk.) | ||
| 020 | _a1847209157 (hbk.) | ||
| 035 | _a(OCoLC)ocn276822589 | ||
| 040 |
_aUKM _cUKM _dBTCTA _dYDXCP _dBWKUK _dBWK _dJ2H _dCDX _dDLC |
||
| 042 |
_aukblcatcopy _alccopycat |
||
| 050 | 0 | 0 |
_aJZ1242 _b.F673 2009 |
| 082 | 0 | 4 |
_a327 _222 _bFOR |
| 245 | 0 | 0 |
_aForeign Policy Challenges in the 21st Century / _cEdited by Michael Heazle, Martin Griffiths, Tom Conley. |
| 260 |
_aCheltenham ; _aNorthhampton, MA : _bEdward Elgar, 2009 _cc2009. |
||
| 300 |
_axiii, 241 p. ; _c24 cm. |
||
| 504 | _aIncludes bibliographical references and index. | ||
| 505 | 0 | _aIntroduction : foreign policy and the limits of democratic debate / Michael Heazle, Martin Griffiths and Tom Conley -- Democratization : paradoxes and pitfalls / Martin Griffiths -- Science, advocacy and the role of values in environmental debate / Michael Heazle -- The marketplace of ideas and global development / Iyanatul Islam -- Globalization, the state and liberal democracy / Tom Conley -- The song remains the same : converging views on a rising China / Michael Clarke and Doug Smith -- The invasion of Iraq : the marketplace of ideas and its limits / Andrew O'Neil -- Epistemic constitutionalism in international governance : the case of climate change / Clark A. Miller -- Islam and the struggle for democracy / Mohamad Abdalla and Halim Rane -- The international movement of people : a multi-headed policy Hydra for liberal democracies / Christine Inglis -- A hundred years of drug prohibition : a study in the failure of global governance / Alfred W. McCoy. | |
| 650 | 0 |
_aGlobalization. _911778 |
|
| 651 | 0 |
_aUnited States _xForeign relations. _911779 |
|
| 651 | 0 |
_aAustralia _xForeign relations. _911780 |
|
| 651 | 0 |
_aGreat Britain _xForeign relations. _911781 |
|
| 700 | 1 |
_aHeazle, Michael. _911782 |
|
| 700 | 1 |
_aGriffiths, Martin, _d1961- _911783 |
|
| 700 | 1 |
_aConley, Tom, _d1966- _911784 |
|
| 942 |
_2ddc _cBB |
||
| 999 |
_c13482 _d13482 |
||